| 000 | 00732nam0a22002291 4500 | ||
|---|---|---|---|
| 001 | rc\180411 | ||
| 005 | 20260405155952.0 | ||
| 035 | _a(NLR Aleph) 005439894 | ||
| 090 |
_a4746050 _c4746050 |
||
| 100 | _a20030307d1994 |||y0rusy50 ca | ||
| 101 | 0 | _arus | |
| 102 | _aRU | ||
| 105 | _aa ||||||||| | ||
| 200 | 1 |
_aПейзаж России _fФонд защиты Камчатки _gРос. открытый ун-т. Геогр. фак. |
|
| 210 |
_aМ. _cБ. и. _d1994 |
||
| 215 |
_a34 с. _cил. _d27 |
||
| 700 | 1 |
_8rus _7ca _aРодоман _bБ. Б. _f1931-2023 _gБорис Борисович _3RU\NLR\AUTH\7766698 _949626 |
|
| 801 | 0 |
_aRU _bNLR _gpsbo |
|
| 801 | 1 |
_aRU _bELAR _2rusmarc |
|
| 852 |
_aNLR _j95-7/862 |
||
| 942 | _cBOOK | ||
| 980 | _aNB | ||